3D printing and intellectual property / (Record no. 30187)
[ view plain ]
| 000 -LEADER | |
|---|---|
| fixed length control field | 01145nam a2200325 i 4500 |
| 001 - CONTROL NUMBER | |
| control field | 019520124 |
| 003 - CONTROL NUMBER IDENTIFIER | |
| control field | EG-ScBUE |
| 005 - DATE AND TIME OF LATEST TRANSACTION | |
| control field | 20230305024934.0 |
| 008 - FIXED-LENGTH DATA ELEMENTS--GENERAL INFORMATION | |
| fixed length control field | 190821t2019 enk f b 001 0 eng d |
| 020 ## - INTERNATIONAL STANDARD BOOK NUMBER | |
| International Standard Book Number | 9781316605349 |
| 040 ## - CATALOGING SOURCE | |
| Original cataloging agency | StDuBDS |
| Language of cataloging | eng |
| Description conventions | rda |
| Transcribing agency | StDuBDS |
| Modifying agency | Uk |
| -- | EG-ScBUE |
| 082 04 - DEWEY DECIMAL CLASSIFICATION NUMBER | |
| Classification number | 346.73048 |
| Edition number | 22 |
| Item number | OSB |
| 100 1# - MAIN ENTRY--PERSONAL NAME | |
| Personal name | Osborn, Lucas S., |
| Relator term | author. |
| 245 10 - TITLE STATEMENT | |
| Title | 3D printing and intellectual property / |
| Statement of responsibility, etc | Lucas S. Osborn, Campbell University School of Law. |
| 246 3# - VARYING FORM OF TITLE | |
| Title proper/short title | Three-dimensional printing and intellectual property |
| 264 #1 - PUBLICATION, DISTRIBUTION, ETC. (IMPRINT) | |
| Place of publication, distribution, etc | Cambridge : |
| Name of publisher, distributor, etc | Cambridge University Press, |
| Date of publication, distribution, etc | 2019. |
| 264 #4 - PUBLICATION, DISTRIBUTION, ETC. (IMPRINT) | |
| Date of publication, distribution, etc | ©2019 |
| 300 ## - PHYSICAL DESCRIPTION | |
| Extent | ix, 234 pages ; |
| Dimensions | 24 cm |
| 336 ## - CONTENT TYPE | |
| Content type term | text |
| Source | rdacontent |
| Content type code | txt |
| 337 ## - MEDIA TYPE | |
| Media type term | unmediated |
| Source | rdamedia |
| Media type code | n |
| 338 ## - CARRIER TYPE | |
| Carrier type term | volume |
| Source | rdacarrier |
| Carrier type code | nc |
| 504 ## - BIBLIOGRAPHY, ETC. NOTE | |
| Bibliography, etc | Includes bibliographical references and index. |
| 650 #7 - SUBJECT ADDED ENTRY--TOPICAL TERM | |
| Topical term or geographic name as entry element | Intellectual property |
| Geographic subdivision | United States. |
| Source of heading or term | BUEsh |
| 650 #7 - SUBJECT ADDED ENTRY--TOPICAL TERM | |
| Topical term or geographic name as entry element | Three-dimensional printing |
| General subdivision | Law and legislation |
| Geographic subdivision | United States. |
| Source of heading or term | BUEsh |
| 653 ## - INDEX TERM--UNCONTROLLED | |
| Resource For college | Law |
| Arrived date list | March2023 |
| 655 ## - INDEX TERM--GENRE/FORM | |
| Form subdivision | Reading book |
| 776 08 - ADDITIONAL PHYSICAL FORM ENTRY | |
| Display text | ebook version : |
| International Standard Book Number | 9781108763059 |
| 942 ## - ADDED ENTRY ELEMENTS (KOHA) | |
| Source of classification or shelving scheme | Dewey Decimal Classification |
| Koha item type | Book - Borrowing |
| Withdrawn status | Lost status | Source of classification or shelving scheme | Damaged status | Not for loan | Collection code | Home library | Current library | Shelving location | Date acquired | Source of acquisition | Cost, normal purchase price | Serial Enumeration / chronology | Total Checkouts | Full call number | Barcode | Date last seen | Cost, replacement price | Price effective from | Koha item type |
|---|---|---|---|---|---|---|---|---|---|---|---|---|---|---|---|---|---|---|---|
| Dewey Decimal Classification | Alahram | Central Library | Central Library | First floor | 05/03/2023 | Purchase | 629.00 | 196 | 346.73048 OSB | 000044828 | 15/07/2025 | 786.25 | 05/03/2023 | Book - Borrowing |